Normal view
MARC view
Entry Corporate Name
001 - CONTROL NUMBER
- control field: 3585
003 - CONTROL NUMBER IDENTIFIER
- control field: OSt
005 - DATE AND TIME OF LATEST TRANSACTION
- control field: 20110506103255.0
008 - FIXED-LENGTH DATA ELEMENTS
- fixed length control field: 110506|||a|||||| | ||| d
040 ## - CATALOGING SOURCE
- Original cataloging agency: OSt
- Transcribing agency: OSt
110 ## - HEADING--CORPORATE NAME
- Corporate name or jurisdiction name as entry element: Great Britain.
- Subordinate unit: High Court of Justice.
- Subordinate unit: Common Pleas Division.
670 ## - SOURCE DATA FOUND
- Source citation: Work cat.: (OSt)1249: The Law reports Common Pleas (1872 - 73) Vol. 8 / Common Pleas , 1973
